| 000 | 00517cam a2200217ua 4500 | ||
|---|---|---|---|
| 001 | 1279 | ||
| 008 | 110629n ii |||gr||||Z||||||eng | ||
| 020 | _a81-219-0907-4 | ||
| 040 | _cMAIN | ||
| 082 | _a330.954 | ||
| 100 | _aDewett, K K., | ||
| 245 | 1 |
_aIndian economics. _cBy K K Dewett. |
|
| 250 | _a38th. | ||
| 260 |
_aNew Delhi.: _bS chand.,997. |
||
| 300 |
_axvi, 663 p.: _c25 cm. |
||
| 653 | _aEconomics. | ||
| 653 | _aIndian economics. | ||
| 700 | _aVerma, J D., | ||
| 700 | _aSharma, M L., | ||
| 942 | _cBK | ||
| 999 |
_c1180 _d1180 |
||